Managing change through training and development

Bibliographic Details
Main Author: Stewart, Jim (Author)
Format: Book
Language:English
Published: London : Kogan Page Ltd 1991
Subjects:

MARC

LEADER 00000cam a2200000 7i4500
001 0000003689
005 20240927.0
008 991206 enka eng
020 |a 0749404272 
040 |a INS   |b eng   |e rda 
090 0 0 |a HD58.8   |b .S728 1991 
100 1 |a Stewart, Jim ,   |e author 
245 1 0 |a Managing change through training and development   |c Jim Stewart 
264 1 |a London :   |b Kogan Page Ltd   |c 1991 
264 4 |c ©1991 
300 |a 217 pages :   |b illustrations ;   |c 24 cm. 
336 |a text  |2 rdacontent 
337 |a unmediated  |2 rdamedia 
338 |a volume  |2 rdacarrier 
504 |a Includes bibliographical references 
650 0 |a Organizational change 
650 0 |a Training 
999 |a 0000005129   |b BOOK   |c Open Shelf   |e Default branch